European Knowledge #4 - Statistics

General Stats
  • This quiz has been taken 19 times
  • The average score is 9 of 13
Answer Stats
Question Answer % Correct
Capital of Slovakia? Bratislava
94%
Which Country in Europe is home to the city of Bergen? Norway
94%
Capital of Austria? Vienna
94%
Which Country in Europe technically has 12 time zones? France
89%
2nd Most Populated Country in Europe? Germany
83%
Peninsula that makes up Spain and Portugal? Iberian
83%
Capital of Estonia? Tallinn
83%
This Country in Europe had a Population of about 11,120,000 in 2000? Greece
72%
37th Largest Country in Europe by Population? Slovenia
56%
In what European Country it's illegal to flush a Toilet after 10 at night until morning? Switzerland
56%
Country in Europe with the Highest Annual Population Growth Rate? Luxembourg
50%
8th Smartest Country in Europe by Literacy Rate? Albania
44%
Hottest City in Europe by Temperature? Valletta
22%
No matching quizzes found
Score Distribution
Percent of People with Each Score
Percentile by Number Answered
Your Score History
You have not taken this quiz